| 000 | 00672nam a2200229Ia 4500 | ||
|---|---|---|---|
| 005 | 20230306094015.0 | ||
| 008 | 131103s9999 xx 000 0 und d | ||
| 020 |
_aSBN 333193881 _cGBP 2.50 |
||
| 040 | _aLoreto College | ||
| 041 | _aEnglish | ||
| 082 |
_a822.33 _bSHA-BER |
||
| 100 | _aBergeron,David M. | ||
| 245 |
_aShakespeare _b a study and research guide _cDavid M. Bergeron; [edited by] M.Thomas Inge |
||
| 260 |
_aLondon _bMacmillan _c1976 |
||
| 300 | _a[8],145 p. | ||
| 504 | _aIncludes index | ||
| 650 | _aEnglish Drama | ||
| 651 | _aShakespeare,William - Criticism and Interpretation | ||
| 700 | _aInge,M.Thomas,ed. | ||
| 850 | _aLCLIB | ||
| 942 | _cBK | ||
| 999 |
_c4738 _d55217 |
||